| 000 | 00439nam a2200157Ia 4500 | ||
|---|---|---|---|
| 999 |
_c7351 _d7351 |
||
| 003 | OSt | ||
| 005 | 20200130115110.0 | ||
| 008 | 190216s9999||||xx |||||||||||||| ||und|| | ||
| 040 | _coclc | ||
| 082 |
_a519.5 _bPIL/B |
||
| 100 |
_aPillai, P R S _91164 |
||
| 245 | 0 |
_aBusiness Statistics / _c P R S Pillai |
|
| 260 | _bCalicut University Publications, | ||
| 300 | _a184p | ||
| 942 |
_cBK _2ddc _h519.5 _iPIL/B _k519.5 _mPIL/B |
||